Logo Biblioteca

Antígona / (Registro nro. 865)

Detalles MARC
000 -LEADER
fixed length control field 00765nam a22002537a 4500
003 - CONTROL NUMBER IDENTIFIER
control field AR-RoUNCS
005 - DATE AND TIME OF LATEST TRANSACTION
control field 20251219124323.0
008 - FIXED-LENGTH DATA ELEMENTS--GENERAL INFORMATION
fixed length control field 251219t2017 ag ||||| |||| 00| 1 spa||
020 ## - INTERNATIONAL STANDARD BOOK NUMBER
International Standard Book Number 978-987-1026-28-9
040 ## - CATALOGING SOURCE
Transcribing agency AR-RoUNCS
Original cataloging agency AR-RoUNCS
080 ## - UNIVERSAL DECIMAL CLASSIFICATION NUMBER
Authority record control number or standard number 82-2
245 00 - TITLE STATEMENT
Title Antígona /
Statement of responsibility, etc. Sófocles. Sueño de una noche de verano / William Shakespeare.
250 ## - EDITION STATEMENT
Edition statement 1a ed.
260 ## - PUBLICATION, DISTRIBUTION, ETC.
Place of publication, distribution, etc. Santa Fe :
Name of publisher, distributor, etc. Ministerio de Educación de la Provincia de Santa Fe,
Date of publication, distribution, etc. 2017.
300 ## - PHYSICAL DESCRIPTION
Extent 88 p. ;
Dimensions 25 cm.
490 0# - SERIES STATEMENT
Series statement Redes de Tinta
650 #4 - SUBJECT ADDED ENTRY--TOPICAL TERM
Topical term or geographic name entry element Literatura clásica
655 #4 - INDEX TERM--GENRE/FORM
Genre/form data or focus term Teatro
700 0# - ADDED ENTRY--PERSONAL NAME
Personal name Sófocles
Relator term autor
700 1# - ADDED ENTRY--PERSONAL NAME
Personal name Shakespeare, William,
Dates associated with a name 1564-1616
Relator term autor
740 02 - ADDED ENTRY--UNCONTROLLED RELATED/ANALYTICAL TITLE
Uncontrolled related/analytical title Antígona
740 02 - ADDED ENTRY--UNCONTROLLED RELATED/ANALYTICAL TITLE
Uncontrolled related/analytical title Sueño de una noche de verano
942 ## - ADDED ENTRY ELEMENTS (KOHA)
Source of classification or shelving scheme Dewey Decimal Classification
Koha item type Libro de préstamo a domicilio
Suppress in OPAC No
Existencias
Withdrawn status Lost status Source of classification or shelving scheme Damaged status Not for loan Collection Home library Current library Date acquired Source of acquisition Total checkouts Full call number Barcode Date last seen Copy number Price effective from Koha item type
    Universal Decimal Classification     Colección General Biblioteca Escuela de Ciencias Sociales Biblioteca Escuela de Ciencias Sociales 19/12/2025 Donación 2023   82-2 SO681 000083 19/12/2025 Ej. 1 19/12/2025 Libro de préstamo a domicilio
    Universal Decimal Classification     Colección General Biblioteca Escuela de Ciencias Sociales Biblioteca Escuela de Ciencias Sociales 19/12/2025 Donación 2023   82-2 SO681 000275 19/12/2025 Ej. 2 19/12/2025 Libro de préstamo a domicilio
    Universal Decimal Classification     Colección General Biblioteca Escuela de Ciencias Sociales Biblioteca Escuela de Ciencias Sociales 19/12/2025 Donación 2023   82-2 SO681 000302 19/12/2025 Ej. 3 19/12/2025 Libro de préstamo a domicilio
Biblioteca de la Escuela Preuniversitaria en Ciencias Sociales y Humanísticas.
Riobamba 250 bis.
CP 2000 - Rosario - Santa Fe
E-Mail: biblioteca@esociales.unr.edu.ar